Central Library OPAC University of Rajshahi

Texbook of physiology and biochemistry / (Record no. 74811)

MARC details
000 -LEADER
fixed length control field 00735nam a2200241 a 4500
001 - CONTROL NUMBER
control field 74811
003 - CONTROL NUMBER IDENTIFIER
rucl marc code BD-RjUL
005 - DATE AND TIME OF LATEST TRANSACTION
control field 20211209082615.0
008 - FIXED-LENGTH DATA ELEMENTS--GENERAL INFORMATION
fixed length control field 181208s1972 n a|||| i||| 001 0 eng d
035 ## - SYSTEM CONTROL NUMBER
System control number (BD-RjUL)75029
040 ## - CATALOGING SOURCE
Original cataloging agency BD-RjUL
Language of cataloging eng
Transcribing agency BD-RjUL
041 ## - LANGUAGE CODE
Language code of text/sound track or separate title eng
100 ## - MAIN ENTRY--PERSONAL NAME
Relator code Bell, George H.
245 ## - TITLE STATEMENT
Title Texbook of physiology and biochemistry /
Statement of responsibility, etc. George Howard Bell; Donald Emslie-Smith; Colin Ralston Paterson
250 ## - EDITION STATEMENT
Edition statement 8th ed.
260 ## - PUBLICATION, DISTRIBUTION, ETC. (IMPRINT)
Place of publication, distribution, etc. Edinburgh ; New York :
Name of publisher, distributor, etc. E.& S. Livingstone,
Date of publication, distribution, etc. 1972
300 ## - PHYSICAL DESCRIPTION
Pagination V, 1160 p. :
Illustrations ill. ;
Size 28 cm
500 ## - GENERAL NOTE
General note Includes Index
650 ## - SUBJECT ADDED ENTRY--TOPICAL TERM
Topical term or geographic name as entry element Biochemistry
9 (RLIN) 225696
Topical term or geographic name as entry element Human physiology
9 (RLIN) 225697
700 ## - ADDED ENTRY--PERSONAL NAME
Personal name Emslie-Smith, Donald
942 ## - ADDED ENTRY ELEMENTS (KOHA)
Source of classification or shelving scheme Dewey Decimal Classification
Koha item type Books
Holdings
Lost status Source of classification or shelving scheme Damaged status Not for loan Collection code Permanent Location Current Location Shelving location Date acquired Source of acquisition Cost, normal purchase price Total Checkouts Full call number Date last seen Copy number Koha item type
  Dewey Decimal Classification   Not For Loan Non-fiction Central Library, University of Rajshahi Central Library, University of Rajshahi Reading Room 30/06/1981 Aligarh Libraty Rajshahi 187.50   612.018 BET 1972 08/12/2018 C-1 Books